Name that Celebrity Initial - Statistics

General Stats
  • This quiz has been taken 199 times
  • The average score is 12 of 40
Answer Stats
Hint Answer % Correct
J. R. R. Tolkien John
87%
O. J. Simpson James
80%
J.M.W. Turner William
66%
W. B. Yeats William
66%
D. H. Lawrence David
54%
J. D. Salinger David
54%
T. S. Eliot Thomas
54%
E.M. Forster Edward
46%
E. E. Cummings Edward
46%
H. G. Wells George
42%
George R. R. Martin Richard
40%
J.M.W. Turner Joseph
38%
J. R. R. Tolkien Ronald
35%
L. S. Lowry Stephen
35%
A. A. Milne Alan
33%
O. J. Simpson Orenthal
32%
A. A. Milne Alexander
31%
D. H. Lawrence Herbert
31%
H. G. Wells Herbert
31%
W. B. Yeats Butler
27%
C.S. Lewis Clive
25%
J. J. Abrams Jacob
25%
L. M. Montgomery Lucy
24%
J. K. Simmons Jonathan
23%
C.S. Lewis Staples
21%
L. M. Montgomery Maud
19%
J. R. R. Tolkien Reuel
19%
T. S. Eliot Stearns
14%
L. S. Lowry Laurence
11%
J. J. Abrams Jeffrey
10%
J. D. Salinger Jerome
9%
George R. R. Martin Raymond
9%
P. G. Wodehouse Grenville
8%
J.M.W. Turner Mallord
8%
P. G. Wodehouse Pelham
7%
E.M. Forster Morgan
6%
E. B. White Brooks
5%
E. B. White Elwyn
5%
E. E. Cummings Estlin
4%
J. K. Simmons Kimble
4%
No matching quizzes found
Score Distribution
Percent of People with Each Score
Percentile by Number Answered
Your Score History
You have not taken this quiz